000 00781nam a2200241Ia 4500
003 OSt
005 20221005105349.0
006 a|||||r|||| 00| 0
007 ta
008 221004b |||||||| |||| 00| 0 hin d
024 _a30245
037 _cTextual
040 _aCRL
_cCRL
_bhin
041 _2hin
_ahin
082 _aV2'C, 152L8
100 _aसांकलिया आदि
245 0 _aप्राचीन भारत
246 _aPrāchīn bhārata
260 _aनई दिल्ली
_bदि मैकमिलन कंपनी आफ इंडिया लिमिटेड भारत
_c1978
300 _a184पृ.
_ccm.
942 _hV2'C, 152L8
_cTEXL
_2cc
999 _c1015604
_d1015604